00482cam a2200145 4500008004100000022001400041035002000055050001100075245003100086260003500117310001500152362003600167520011200203650002100315150923n 000 0 eng u a0954-3384 a(Sirsi) a192676 aHX1.S4 aSearch Light South Africa. aKensinginton b Sigma c 1992. aQuarterly. aNo.1, 1988 - Vol.2, No.4, 1992. aIt is an independent socialist journal focued on southern africa, but mindful of the broader world context. aSocial Sciences.